Symposium and Phaedrus

Đã lưu trong:
书目详细资料
主要作者: PLATO
格式: 图书
语言:Undetermined
出版: London Everyman's Library 2000
标签: 添加标签
没有标签, 成为第一个标记此记录!
Thư viện lưu trữ: Trung tâm Học liệu Trường Đại học Cần Thơ
LEADER 00392nam a2200157Ia 4500
001 CTU_47280
008 210402s9999 xx 000 0 und d
082 |a 184 
082 |b P718/2000 
100 |a PLATO 
245 0 |a Symposium and Phaedrus 
245 0 |c PLATO 
260 |a London 
260 |b Everyman's Library 
260 |c 2000 
980 |a Trung tâm Học liệu Trường Đại học Cần Thơ